000 00381nam a2200145Ia 4500
008 240624s9999 xx 000 0 und d
041 _aeng
082 _a658.403 MAR
100 _aMARAKAS GEORGE M
245 _aDECISION SUPPORT SYSTEMS IN THE 21ST CEN
250 _a(2nd ed.)
260 _c2015
_aNew Delhi
_bPearson
300 _axxiii, : 611 : p. : cm. ; 26
365 _cRS
_b33
999 _c24534
_d24534